000
00294nam a22001337a 4500
008
181010b xxu||||| |||| 00| 0 eng d
020
_a
9780130831347
041
_a
eng
080
_2
7th
_a
574
100
_a
9
101
_a
MJE
245
_a
Environmental Science
_c
Nebel,B.J
942
_2
udc
_c
BK
999
_c
49257
_d
49257